000 00640nam a2200205Ii 4500
003 JO-AjNU
008 230606s9999||||xx |||||||||||||| ||und||
020 _a0-06-045153-X
040 _aJO-AjNU
_beng
_erda
_cJO-AjNU
041 _aeng
050 1 4 _aHD70.U5.P424.1982
100 3 _apeters,Thomas/Waterman,Robert,
_eauthor
_92870
245 0 0 _aIN SEARCH OF EXCELLENCE:Lessons from America's Best-Run Companies
264 3 1 _aNew York:HARPER&ROW,PUBLISHERS ,1982
300 _a360p
336 _atext
_btxt
_2rdacontent
337 _aunmediated
_bn
_2rdamedia
338 _avolume
_bnc
_2rdacarrier
650 4 _aindustrial management
_92871
999 _aE1504
_c1504
_d1504